ARRUPE JESUIT UNIVERSITY

CORONAVIRUS -STOP THE SPREAD - CLEAN,DISINFECT,COVER

Spirit of the living God (Record no. 121270)

MARC details
000 -LEADER
fixed length control field 00431nam a22001337a 4500
005 - DATE AND TIME OF LATEST TRANSACTION
control field 20141118145906.0
008 - FIXED-LENGTH DATA ELEMENTS--GENERAL INFORMATION
fixed length control field 141118b xxu||||| |||| 00| 0 eng d
050 ## - LIBRARY OF CONGRESS CALL NUMBER
Classification number BS680.H56
Item number M67 1968
100 ## - MAIN ENTRY--PERSONAL NAME
Personal name Moody, Dale
9 (RLIN) 12729
245 ## - TITLE STATEMENT
Title Spirit of the living God
Remainder of title the biblical concepts interpreted in context
Statement of responsibility, etc Moody, Dale
260 ## - PUBLICATION, DISTRIBUTION, ETC. (IMPRINT)
Place of publication, distribution, etc Philadelphia
Name of publisher, distributor, etc The Westminster Press
Date of publication, distribution, etc 1968
300 ## - PHYSICAL DESCRIPTION
Extent 239p.;
Dimensions 24cm.
942 ## - ADDED ENTRY ELEMENTS (KOHA)
Source of classification or shelving scheme Library of Congress Classification
Item type Monograph ( Printed materials)
Holdings
Withdrawn status Lost status Source of classification or shelving scheme Damaged status Not for loan Collection code Home library Current library Shelving location Date acquired Total Checkouts Full call number Barcode Date last seen Price effective from Koha item type
    Library of Congress Classification     Main Collection ARRUPE LIBRARY ARRUPE LIBRARY Main Collection 18/11/2014   BS680.H56 M67 1968 46500001270 07/12/2016 18/11/2014 Monograph ( Printed materials)

 

Arrupe Library. PO Box MP320 Mt Pleasant, Harare, Zimbabwe
263 242 745411|librarian@aju.ac.zw